| 000 | 00912cam a2200241 4500 | ||
|---|---|---|---|
| 008 | 030331n2003 000 0 eng u | ||
| 020 | _a1841133507 | ||
| 035 | _a(Sirsi) u121798 | ||
| 041 | _aeng | ||
| 050 |
_a346.41043 _c18 |
||
| 100 | _aCooke, Elizabeth | ||
| 245 | 4 | _aThe new law of land registration | |
| 260 |
_aOxford _bHart _c2003 |
||
| 300 |
_axxv, 287p. _c24cm. |
||
| 350 | _a30 | ||
| 520 | _aExamines the law of land registration in England and Wales in light of the Land Registration Act 2002. Looks at the legal problems that have arisen in connection with land registration and considers the effect of the Act, drawing upon the law in other jurisdictions. Includes tables of cases, statutes and statutory instruments. | ||
| 650 | _aREGISTERED LAND | ||
| 650 | _aLAND REGISTRATION ACT 2002 | ||
| 650 | _aLAND LAW | ||
| 650 | _aADVERSE POSSESSION | ||
| 690 | _aPROPERTY | ||
| 942 | _n0 | ||
| 999 |
_c102741 _d102741 |
||